History Quiz

Random History or Blitz Quiz
Score 0/30 Timer 04:00
8 Plays Today
Category 2010s answer % Correct
Time Magazine Person of the Year [9]Mark Zuckerberg
97.6%
American President [2]Barack Obama
97%
Olympic host city [5]Vancouver
93%
Russian President [2]Dmitry Medvedev
89.6%
World Cup (soccer) winning nation [3]Spain
88.8%
Super Bowl winning team [8]Saints
87.1%
British Prime Minister [4]Gordon Brown
81.4%
World Series winning team [7]Giants
80.1%
Wimbledon Ladies' Champion [6]Serena Williams
78.9%
Roman Catholic Pope [2]Benedict XVI
78.4%
Oscar Best Actor [10]Colin Firth
74.9%
Premier League Champion [4]Manchester United
68.8%
Oscar Best Picture [10]The King's Speech
68.7%
Stanley Cup winning team [6]Blackhawks
67.4%
Oscar Best Actress [10]Natalie Portman
64.1%
Category 2010s answer % Correct
Wimbledon Gentlemen's Champion [4]Rafael Nadal
64%
Tony Best Musical [10]Memphis
63.4%
New United Nations member [1]South Sudan
42.8%
Artist with 20 million + selling album [1]Adele
40%
Emmy Best Drama winner [5]Mad Men
37.2%
Emmy Best Comedy winner [3]Modern Family
35.1%
#1 Ranked Girls Name (US) [3]Isabella
34.7%
Steven Spielberg directed movie [7]Lincoln
32.2%
Best-Selling Author (US) [7]Stieg Larsson
30.6%
#1 Ranked Boys Name (US) [3]Noah
26.8%
New European Space Agency member [5]Romania
26.7%
Nobel Peace Prize winner [13]Liu Xiaobo
24.2%
U.N. Secretary-General [2]Ban Ki-moon
18.9%
New Artist Grammy winner [10]Zac Brown Band
18.5%
Oscar Best Score (composer) [10]Alexandre Desplat
10.5%
Remove Ads.
Support Sporcle.
Get the best of Sporcle when you Go Orange. This ad-free experience offers more features, more stats, and more fun while also helping to support Sporcle. Thank you for becoming a member.

You're not logged in!

Compare scores with friends on all Sporcle quizzes.
OR
Log In

Show Comments

Extras

Top Quizzes Today


Score Distribution

Your Account Isn't Verified!

In order to create a playlist on Sporcle, you need to verify the email address you used during registration. Go to your Sporcle Settings to finish the process.

Report this User

Report this user for behavior that violates our Community Guidelines.

Details: